Вложенные сети Петри: моделирование и анализ распределенных систем с объектной структурой

Bibliographische Detailangaben
1. Verfasser: Ломазова И. А. Ирина Александровна
Sprache:Russisch
Veröffentlicht: Москва, Научный мир, 2004
Schlagworte:
Format: MixedMaterials Buch
KOHA link:https://koha.lib.tpu.ru/cgi-bin/koha/opac-detail.pl?biblionumber=67516

MARC

LEADER 00000nam0a2200000 4500
001 67516
005 20231031073616.0
010 |a 5891762471 
035 |a (RuTPU)RU\TPU\book\71884 
090 |a 67516 
100 |a 20040916d2004 k y0rusy50 ca 
101 0 |a rus 
102 |a RU 
105 |a a z 001zy 
200 1 |a Вложенные сети Петри: моделирование и анализ распределенных систем с объектной структурой  |f И. А. Ломазова 
210 |a Москва  |c Научный мир  |d 2004 
215 |a 208 с.  |c ил. 
320 |a Библиогр.: с. 197-207 
610 1 |a сети Петри 
610 1 |a вложенные сети 
610 1 |a распределенные системы 
610 1 |a моделирование 
610 1 |a анализ 
610 1 |a формализм 
675 |a 681.324.01  |v 3 
700 1 |a Ломазова  |b И. А.  |g Ирина Александровна 
801 1 |a RU  |b 63413507  |c 20040916  |g PSBO 
801 2 |a RU  |b 63413507  |c 20210610  |g PSBO 
900 |a Высокопроизводительные вычислительные системы 
942 |c BK